000 01009nam a2200289 a 4500
001 86159
003 BD-RjUL
005 20260201104145.0
008 260201s1973 ii a b 000 0 eng
035 _a(BD-RjUL)86159
040 _aDLC
_cDLC
_dDLC
_dBD-RjUL
_beng
041 _aeng
082 _223
_a954
_bSAS 1973
100 _aSastri, S. Srikanta
_917668
245 0 0 _aSrīkanṭhikā :
_bDr. S. Srikantha Sastri felicitation volume /
_cS. Srikanta Sastri
260 _aMysore :
_bGeetha Book House on behalf of Dr. S. Srikantha Sastri Felicitation Committee,
_c1973
300 _axii, 395 p.:
_billus.;
_c25 cm.
336 _atext
_btxt
_2rdacontent
337 _aunmediated
_bn
_2rdamedia
338 _avolume
_bnc
_2rdacarrier
504 _aBibliography: p. [383]-392.
600 1 0 _aSrikanta Sastri, S.,
_d1904-1974.
_917669
651 0 _aKarnataka (India)
_xCivilization.
_917670
651 0 _aCarnatic (India)
_xHistory.
_917671
700 1 _aSrikanta Sastri, S.,
_d1904-1974.
_917669
942 _2ddc
_cBK
999 _c86159
_d86159